000 00669nam a22002297a 4500
001 39230
003 UA-OsUOA
005 20210816103327.0
007 ta
008 20060613b un ||||| |||| 00| 0 ukr d
040 _aUA-OsUOA
_bukr
_cUA-OsUOA
_dUA-OsUOA
041 _aukr
080 _a821.161.2(091)
090 _a821.161.2(091)
_bИ99
245 _aІсторія української літератури
260 _aК.
_bНаукова думка
_c1987
300 _a625 с.
505 _gТ.1
_tДожовтнева література
650 7 _a82 Література. Літературознавство
_2UDC
942 _cBK
_2udc
955 _a2
999 _c325377
_d325377